[Event "Olexuv memorial 2018"]
[Site "?"]
[Date "2018.12.26"]
[Round "1.1"]
[White "Hrdlicka, Vladan"]
[Black "Pribyl, Rene"]
[Result "1/2-1/2"]
[WhiteElo "1765"]
[BlackElo "1986"]
[PlyCount "103"]
[EventDate "2018.12.26"]
[SourceDate "2018.12.26"]

1. e4 e5 2. Nf3 Nf6 3. Nxe5 d6 4. Nf3 Nxe4 5. d4 d5 6. Bd3 Be7 7. O-O O-O 8.
Re1 Nd6 9. Ne5 Bf5 10. Bxf5 Nxf5 11. Nc3 c6 12. Qd3 g6 13. Ne2 Nd7 14. Nf4 Bf6
15. c3 Re8 16. Nf3 Rxe1+ 17. Nxe1 b5 18. Nf3 a5 19. Nh5 Be7 20. Bd2 Nd6 21. Ng3
Nc4 22. Bc1 a4 23. Qe2 b4 24. Bh6 Bf8 25. Bxf8 Qxf8 26. Re1 Nf6 27. Ne5 Nxe5
28. dxe5 Re8 29. c4 Nd7 30. Qd1 Nxe5 31. cxd5 cxd5 32. Kf1 Qc5 33. Qxa4 Qc4+
34. Ne2 Re6 35. Qb3 Nd3 36. Qxc4 dxc4 37. Rb1 Ra6 38. a3 bxa3 39. bxa3 Rxa3 40.
Nc1 Nxc1 41. Rxc1 Ra4 42. Ke2 h5 43. Ke3 Kg7 44. Rc2 Kf6 45. Kd4 g5 46. Rxc4
Rxc4+ 47. Kxc4 Ke5 48. Kd3 f5 49. Ke3 f4+ 50. Kd3 Kd5 51. f3 Ke5 52. h3 1/2-1/2

[Event "Olexuv memorial 2018"]
[Site "?"]
[Date "2018.12.26"]
[Round "1.2"]
[White "Gajdos, Daniel"]
[Black "Hladky, Milan"]
[Result "1-0"]
[WhiteElo "1984"]
[BlackElo "1692"]
[PlyCount "141"]
[EventDate "2018.12.26"]
[SourceDate "2018.12.26"]

1. d4 Nf6 2. c4 e6 3. Nc3 Bb4 4. Qc2 c5 5. dxc5 Nc6 6. Nf3 Bxc5 7. Bg5 Nd4 8.
Nxd4 Bxd4 9. e3 Bc5 10. O-O-O Be7 11. Bd3 h6 12. Bh4 Nh5 13. Bxe7 Qxe7 14. Nb5
Qc5 15. Be2 Nf6 16. Nd6+ Ke7 17. Kb1 Ne8 18. Ne4 Qc7 19. Qc3 b6 20. Qa3+ d6 21.
Bf3 Rb8 22. Nc3 a6 23. Rd4 Nf6 24. Rhd1 Rd8 25. e4 e5 26. Rd5 Kf8 27. Rxe5 Be6
28. Nd5 Bxd5 29. exd5 Qxc4 30. Re3 a5 31. Rc3 Qf4 32. g3 Qf5+ 33. Ka1 Ne8 34.
Rc6 Qh3 35. Qe3 Qf5 36. Be4 Qf6 37. Rxb6 Rdc8 38. Rxb8 Rxb8 39. Qd4 Qe7 40. Bb1
Qe2 41. Qd2 Qe5 42. f4 Qf6 43. Qd4 Qe7 44. Qc3 Qa7 45. g4 Qf2 46. Qd2 Qb6 47.
g5 hxg5 48. fxg5 g6 49. h4 Ng7 50. Qd4 Qxd4 51. Rxd4 Rb4 52. Rxb4 axb4 53. a4
bxa3 54. bxa3 Ke7 55. Kb2 Kd8 56. Kc3 Kc7 57. Kb4 Kb6 58. a4 Nh5 59. a5+ Kc7
60. Kb5 Nf4 61. Be4 Ne2 62. Kc4 Kb7 63. Bf3 Nf4 64. Kb5 Nd3 65. a6+ Kc7 66. Bg2
Ne5 67. Be4 Ng4 68. a7 Kb7 69. a8=Q+ Kxa8 70. Kc6 Nf2 71. Bf3 1-0

[Event "Olexuv memorial 2018"]
[Site "?"]
[Date "2018.12.26"]
[Round "1.3"]
[White "Vavrousek, Petr"]
[Black "Snorek, Milan"]
[Result "0-1"]
[WhiteElo "1676"]
[BlackElo "1980"]
[PlyCount "46"]
[EventDate "2018.12.26"]
[SourceDate "2018.12.26"]

1. e4 c5 2. Nf3 e6 3. d4 cxd4 4. Nxd4 a6 5. Bd3 Qc7 6. Nc3 Nf6 7. O-O Bc5 8.
Nb3 Be7 9. f4 d6 10. Qf3 Nbd7 11. Be3 b6 12. e5 Bb7 13. exd6 Bxd6 14. Qe2 O-O
15. Rad1 Rfe8 16. Bc1 e5 17. fxe5 Bxe5 18. Qf2 Bxh2+ 19. Kh1 Bg3 20. Qf5 Re5
21. Bf4 Rxf5 22. Bxc7 Rxf1+ 23. Rxf1 Bxc7 0-1

[Event "Olexuv memorial 2018"]
[Site "?"]
[Date "2018.12.26"]
[Round "1.4"]
[White "Borovicka, Bohumil"]
[Black "Netopil, Martin"]
[Result "1/2-1/2"]
[WhiteElo "1909"]
[BlackElo "1634"]
[PlyCount "114"]
[EventDate "2018.12.26"]
[SourceDate "2018.12.26"]

1. e4 c5 2. b3 d6 3. Bb2 Nf6 4. Bb5+ Bd7 5. Bxd7+ Nbxd7 6. Nc3 g6 7. f4 Bg7 8.
Qf3 Qc7 9. d3 a6 10. Nge2 O-O 11. O-O b5 12. g4 h5 13. g5 Nh7 14. Nd5 Qd8 15.
Bxg7 Kxg7 16. h4 e6 17. Ne3 f6 18. gxf6+ Qxf6 19. Qg3 Kh8 20. Kh1 Rg8 21. a4
Qe7 22. Ng1 Nb6 23. axb5 axb5 24. Nf3 Qg7 25. e5 dxe5 26. Nxe5 Nf6 27. Rg1 Rxa1
28. Rxa1 Nbd5 29. Nxd5 Nxd5 30. Rg1 Kh7 31. Qf2 Qe7 32. c4 bxc4 33. bxc4 Nb4
34. Qg3 Qf6 35. Ra1 Nc6 36. Rb1 Nxe5 37. fxe5 Qf5 38. Kg2 g5 39. Kh1 Rg7 40.
Rg1 g4 41. Qe3 Qf3+ 42. Qxf3 gxf3 43. Rxg7+ Kxg7 44. Kg1 Kg6 45. Kf2 Kf5 46.
Kxf3 Kxe5 47. Ke3 Kf5 48. d4 cxd4+ 49. Kxd4 e5+ 50. Ke3 e4 51. c5 Ke5 52. c6
Kd6 53. Kxe4 Kxc6 54. Kf5 Kd6 55. Kg6 Ke7 56. Kxh5 Kf7 57. Kh6 Kg8 1/2-1/2

[Event "Olexuv memorial 2018"]
[Site "?"]
[Date "2018.12.26"]
[Round "1.5"]
[White "Doskar, Miloslav"]
[Black "Pokora, Lubomir"]
[Result "1/2-1/2"]
[WhiteElo "1615"]
[BlackElo "1895"]
[PlyCount "44"]
[EventDate "2018.12.26"]
[SourceDate "2018.12.26"]

1. d4 d6 2. Nf3 Bg4 3. c4 Nd7 4. Nc3 c6 5. h3 Bh5 6. e4 e5 7. d5 Ngf6 8. Bd3
Be7 9. O-O O-O 10. Be3 Qc7 11. Rc1 a5 12. Be2 Bg6 13. Qc2 Nc5 14. Bxc5 dxc5 15.
Nh4 Nd7 16. Nxg6 hxg6 17. Rcd1 Bg5 18. Rd3 Rad8 19. Rfd1 Nb6 20. b3 Nc8 21.
dxc6 Qxc6 22. Rd5 Nb6 1/2-1/2

[Event "Olexuv memorial 2018"]
[Site "?"]
[Date "2018.12.26"]
[Round "1.6"]
[White "Marsa, Alexandr"]
[Black "Nisztuk, Michal"]
[Result "0-1"]
[WhiteElo "1879"]
[BlackElo "1600"]
[PlyCount "46"]
[EventDate "2018.12.26"]
[SourceDate "2018.12.26"]

1. d4 d5 2. c4 dxc4 3. Nf3 Nf6 4. e3 e6 5. Bxc4 c5 6. O-O cxd4 7. exd4 Nc6 8.
Qd2 Be7 9. Rd1 Nd5 10. Nc3 O-O 11. a3 Nxc3 12. bxc3 Qa5 13. Bb2 Bf6 14. Ba2 Qh5
15. c4 Ne7 16. d5 Bxb2 17. Qxb2 exd5 18. cxd5 Ng6 19. d6 b6 20. Bd5 Rb8 21.
Rac1 Nf4 22. Bc6 Ba6 23. Qe5 Qg4 0-1

[Event "Olexuv memorial 2018"]
[Site "?"]
[Date "2018.12.26"]
[Round "1.7"]
[White "Hala, Pavel"]
[Black "Wunsch, Radek"]
[Result "0-1"]
[WhiteElo "1573"]
[BlackElo "1538"]
[PlyCount "44"]
[EventDate "2018.12.26"]
[SourceDate "2018.12.26"]

1. c4 e5 2. e4 Nc6 3. a3 a5 4. Nc3 Bc5 5. Nf3 d6 6. h3 f5 7. d3 Nge7 8. b3 O-O
9. Bb2 Ng6 10. g3 Nd4 11. Nxd4 exd4 12. Ne2 fxe4 13. dxe4 d3 14. Nd4 Qf6 15.
Qxd3 Qxf2+ 16. Kd1 Qxb2 17. Nc2 Be6 18. Rc1 Ne5 19. Qd2 Qxb3 20. Be2 Nxc4 21.
Bxc4 Bxc4 22. Qg2 Rf2 0-1

[Event "Olexuv memorial 2018"]
[Site "?"]
[Date "2018.12.26"]
[Round "1.8"]
[White "Neduchal, Jiri"]
[Black "Kacalek, Tomas"]
[Result "0-1"]
[WhiteElo "1802"]
[BlackElo "1555"]
[PlyCount "62"]
[EventDate "2018.12.26"]
[SourceDate "2018.12.26"]

1. d4 Nf6 2. Nf3 c5 3. e3 e6 4. c3 a6 5. Bd3 Qc7 6. Nbd2 Be7 7. O-O O-O 8. e4
d6 9. Re1 e5 10. Nc4 exd4 11. cxd4 Nbd7 12. b3 b5 13. Ne3 Rd8 14. Bb2 cxd4 15.
Nf5 Bf8 16. N5xd4 Ne5 17. Rc1 Qd7 18. Bb1 Bb7 19. Qe2 Rac8 20. Nf5 Nxf3+ 21.
Qxf3 Qe6 22. Nh6+ Kh8 23. Bxf6 gxf6 24. Nf5 Rc5 25. Rcd1 Re8 26. Re3 Rec8 27.
Qh5 Rc1 28. Ng3 R8c5 29. Qe2 Rxd1+ 30. Qxd1 Bh6 31. Rd3 Rc1 0-1

[Event "Olexuv memorial 2018"]
[Site "?"]
[Date "2018.12.26"]
[Round "1.9"]
[White "Svestka, Jiri"]
[Black "Veznik, Michael"]
[Result "0-1"]
[WhiteElo "1782"]
[BlackElo "1801"]
[PlyCount "78"]
[EventDate "2018.12.26"]
[SourceDate "2018.12.26"]

1. d4 d5 2. c4 e6 3. cxd5 exd5 4. Nc3 f5 5. Nf3 Nf6 6. Bf4 c6 7. Qc2 Bd6 8.
Bxd6 Qxd6 9. e3 O-O 10. Bd3 Ne4 11. O-O Nd7 12. a3 a5 13. Rab1 b5 14. b4 a4 15.
Rbc1 Bb7 16. h3 Rae8 17. Ne2 Qh6 18. Kh2 g5 19. Nfg1 f4 20. exf4 gxf4 21. Nf3
Rf7 22. Rce1 Ndf6 23. Ne5 Rg7 24. f3 Qg5 25. Ng4 Ng3 26. Nxg3 fxg3+ 27. Kg1
Rge7 28. Nxf6+ Qxf6 29. Re5 Qf4 30. Bxh7+ Kh8 31. Rxe7 Qxd4+ 32. Kh1 Rxe7 33.
Qf5 Qg7 34. Bg6 Kg8 35. h4 Qe5 36. Qg4 Qc7 37. h5 Bc8 38. Qd4 Qe5 39. Qd2 Qf6
0-1

[Event "Olexuv memorial 2018"]
[Site "?"]
[Date "2018.12.26"]
[Round "1.10"]
[White "Strublik, Martin"]
[Black "Divis, Jan"]
[Result "1/2-1/2"]
[WhiteElo "1468"]
[BlackElo "1538"]
[PlyCount "109"]
[EventDate "2018.12.26"]
[SourceDate "2018.12.26"]

1. e4 d5 2. exd5 Qxd5 3. Nc3 Qa5 4. d4 Nf6 5. Nf3 c6 6. Bc4 Bf5 7. O-O e6 8.
Bd2 Qc7 9. Re1 Bd6 10. d5 cxd5 11. Bxd5 Nxd5 12. Nxd5 Qd7 13. Bc3 O-O 14. Qd4
f6 15. Ne3 Bg6 16. Rad1 Rd8 17. Nc4 Bc7 18. Qc5 Qc6 19. Rxd8+ Bxd8 20. Qd4 Na6
21. Ne3 Bb6 22. Qc4 Qxc4 23. Nxc4 e5 24. Nxb6 axb6 25. Rd1 Bxc2 26. Rd6 Nc5 27.
a3 Ne4 28. Rxb6 Nxc3 29. bxc3 Rxa3 30. Kf1 Be4 31. c4 Ra7 32. Ke2 Kf7 33. Ne1
Ra2+ 34. Ke3 Bc6 35. f3 Ra3+ 36. Kd2 Ra4 37. Kc3 Ke7 38. Nc2 Kd7 39. Rb1 Kc7
40. Rd1 h5 41. h4 g6 42. Rf1 Ra8 43. Rd1 e4 44. f4 Bd7 45. Rd4 f5 46. Rd5 Be6
47. Rc5+ Kd6 48. Rb5 Ra7 49. Rb6+ Kd7 50. Kd4 Bf7 51. g3 Kc7 52. Rf6 Be8 53.
Re6 Kd7 54. Rb6 Kc7 55. Re6 1/2-1/2

[Event "Olexuv memorial 2018"]
[Site "?"]
[Date "2018.12.26"]
[Round "1.11"]
[White "Spodny, Josef"]
[Black "Krejci, Petr"]
[Result "1/2-1/2"]
[WhiteElo "1863"]
[BlackElo "1983"]
[PlyCount "57"]
[EventDate "2018.12.26"]
[SourceDate "2018.12.26"]

1. d4 d5 2. Nf3 Nf6 3. e3 e6 4. Bd3 c5 5. c3 Nc6 6. O-O Bd6 7. Nbd2 O-O 8. dxc5
Bxc5 9. e4 dxe4 10. Nxe4 Nxe4 11. Bxe4 Qc7 12. Qe2 h6 13. Rd1 Ne7 14. b4 Bd6
15. Bc2 Qxc3 16. Bb2 Qxb4 17. Rab1 Qc5 18. Rbc1 Qb6 19. Qd3 Ng6 20. Bd4 Bc5 21.
Bxc5 Qxc5 22. Nh4 Qg5 23. Nxg6 Qxg6 24. Qxg6 fxg6 25. Bxg6 e5 26. Rc7 Be6 27.
Rxb7 Rfd8 28. Rxd8+ Rxd8 29. h3 1/2-1/2

[Event "Olexuv memorial 2018"]
[Site "?"]
[Date "2018.12.26"]
[Round "2.1"]
[White "Veznik, Michael"]
[Black "Gajdos, Daniel"]
[Result "0-1"]
[WhiteElo "1801"]
[BlackElo "1984"]
[PlyCount "85"]
[EventDate "2018.12.26"]
[SourceDate "2018.12.26"]

1. Nc3 d5 2. d4 Nf6 3. Bf4 c6 4. f3 e6 5. a3 Bd6 6. Qd2 O-O 7. g4 Qc7 8. Bxd6
Qxd6 9. e4 e5 10. O-O-O exd4 11. Qxd4 Qf4+ 12. Kb1 dxe4 13. Nce2 Qc7 14. g5
Nfd7 15. fxe4 c5 16. Qe3 Nc6 17. Nf3 Nde5 18. Nc3 Nxf3 19. Qxf3 Nd4 20. Qg2 Be6
21. h4 Rab8 22. Nd5 Qe5 23. c4 Bxd5 24. exd5 b5 25. Bd3 bxc4 26. Bxc4 Rfe8 27.
h5 Nf5 28. Qf2 Ne3 29. g6 fxg6 30. hxg6 hxg6 31. Qh4 Qe4+ 32. Rd3 Qxh4 33. Rxh4
g5 34. d6+ Nxc4 35. Rxc4 Re5 36. Ka2 Kf7 37. b4 cxb4 38. Rc7+ Ke6 39. Re7+ Kf5
40. Rxg7 Ra5 41. Kb2 Rxa3 42. Rd5+ Ke6 43. Rdxg5 0-1

[Event "Olexuv memorial 2018"]
[Site "?"]
[Date "2018.12.26"]
[Round "2.2"]
[White "Snorek, Milan"]
[Black "Nosztuk, Michal"]
[Result "1/2-1/2"]
[WhiteElo "1980"]
[BlackElo "1600"]
[PlyCount "161"]
[EventDate "2018.12.26"]
[SourceDate "2018.12.26"]

1. d4 d5 2. c4 dxc4 3. Nf3 Nf6 4. e3 c5 5. Bxc4 e6 6. O-O cxd4 7. exd4 Bd6 8.
Qe2 O-O 9. Bg5 Nbd7 10. Nc3 Re8 11. Rad1 a6 12. Ne5 Qc7 13. Rfe1 b5 14. Bd3 Bb7
15. h3 Qa5 16. Nxd7 Nxd7 17. Qh5 Nf8 18. Bc1 Bb4 19. Re3 Be7 20. a3 Qd8 21. Bb1
Bg5 22. Red3 Bxc1 23. Rxc1 Ng6 24. Rdd1 Bxg2 25. Ne2 Qd5 26. Bxg6 hxg6 27. Qxd5
Bxd5 28. Nf4 Bc4 29. Rc3 g5 30. Ng2 Red8 31. Ne3 Be2 32. Rd2 Bh5 33. Rc5 f6 34.
b4 Rac8 35. d5 exd5 36. Nxd5 Kh7 37. Rdc2 Rxc5 38. Rxc5 Rd6 39. Ne7 Bf3 40. Kh2
Rd3 41. a4 bxa4 42. Ra5 a3 43. Rxa6 Be2 44. Ra5 Rb3 45. Nf5 Bc4 46. Ne3 Be6 47.
Ra6 a2 48. Nc2 Bc4 49. Rxa2 Rxh3+ 50. Kxh3 Bxa2 51. Ne3 Kg6 52. b5 Be6+ 53. Kg2
f5 54. b6 Bc8 55. Nc4 Bb7+ 56. Kg1 Kf6 57. Nd6 Bc6 58. b7 Bxb7 59. Nxb7 Ke5 60.
Kg2 Ke4 61. Nd6+ Kf4 62. Ne8 g6 63. Nc7 g4 64. Ne6+ Ke5 65. Nf8 Kf6 66. Kg3 Kg5
67. Nh7+ Kh6 68. Nf6 Kg7 69. Nd5 g5 70. Kg2 f4 71. Kf1 Kg6 72. Ke2 Kf5 73. Ne7+
Ke6 74. Nc6 Kd6 75. Nb4 Ke5 76. Nd3+ Kd4 77. Ne1 Ke4 78. f3+ gxf3+ 79. Nxf3 Kf5
80. Nxg5 f3+ 81. Nxf3 1/2-1/2

[Event "Olexuv memorial 2018"]
[Site "?"]
[Date "2018.12.26"]
[Round "2.3"]
[White "Wunsch, Radek"]
[Black "Kacalek, Tomas"]
[Result "0-1"]
[WhiteElo "1818"]
[BlackElo "1555"]
[PlyCount "38"]
[EventDate "2018.12.26"]
[SourceDate "2018.12.26"]

1. e4 d6 2. d4 g6 3. f4 Nf6 4. Nc3 Bg7 5. Nf3 O-O 6. Be3 Bg4 7. Be2 Nbd7 8. Qd2
c5 9. d5 a6 10. a4 b5 11. axb5 axb5 12. Rxa8 Qxa8 13. Bxb5 Rb8 14. h3 Nxe4 15.
Nxe4 Bxf3 16. gxf3 Rxb5 17. O-O Rxb2 18. Qd3 Qa2 19. Rf2 Nb6 0-1

[Event "Olexuv memorial 2018"]
[Site "?"]
[Date "2018.12.26"]
[Round "2.4"]
[White "Pribyl, Rene"]
[Black "Doskar, Miloslav"]
[Result "1-0"]
[WhiteElo "1986"]
[BlackElo "1615"]
[PlyCount "85"]
[EventDate "2018.12.26"]
[SourceDate "2018.12.26"]

1. d4 Nf6 2. c4 g6 3. Nc3 Bg7 4. e4 d6 5. f4 Bg4 6. Be2 Bxe2 7. Ngxe2 O-O 8.
O-O Nc6 9. e5 Nd7 10. Be3 dxe5 11. fxe5 e6 12. Qd2 Nb6 13. b3 a5 14. Ne4 Nd7
15. Rf3 Ne7 16. Bg5 Kh8 17. Raf1 Qe8 18. Nf6 Bxf6 19. Bxf6+ Nxf6 20. Rxf6 Ng8
21. R6f4 Qe7 22. a4 b6 23. Qe3 Rad8 24. Nc3 Rd7 25. d5 Kg7 26. Rd4 Qd8 27. Rfd1
exd5 28. Rxd5 Rxd5 29. cxd5 Nh6 30. h3 Nf5 31. Qf4 Re8 32. g4 Nh6 33. Qd4 Ng8
34. e6+ f6 35. g5 Qe7 36. Ne4 Rf8 37. Rf1 Qb4 38. gxf6+ Nxf6 39. Qxb4 axb4 40.
e7 Re8 41. Rxf6 Rxe7 42. Re6 Rf7 43. Kg2 1-0

[Event "Olexuv memorial 2018"]
[Site "?"]
[Date "2018.12.26"]
[Round "2.5"]
[White "Krejci, Petr"]
[Black "Hrdlicka, Vladan"]
[Result "1-0"]
[WhiteElo "1983"]
[BlackElo "1765"]
[PlyCount "100"]
[EventDate "2018.12.26"]
[SourceDate "2018.12.26"]

1. f4 d5 2. Nf3 Nf6 3. e3 Nc6 4. d3 Bg4 5. d4 e6 6. Bd3 Ne4 7. O-O h5 8. Nbd2
Nd6 9. c3 h4 10. e4 dxe4 11. Nxe4 h3 12. g3 Nf5 13. Nf2 Bxf3 14. Qxf3 Qd7 15.
g4 Nd6 16. Nxh3 O-O-O 17. Ng5 f6 18. Ne4 Nf7 19. Nf2 Be7 20. Be3 Kb8 21. Rad1
g5 22. fxg5 Nxg5 23. Bxg5 fxg5 24. Be4 Bd6 25. h3 Ne7 26. Nd3 Rdf8 27. Qg2 Nd5
28. Bxd5 exd5 29. Ne5 Bxe5 30. dxe5 c6 31. Rde1 Qe6 32. Rf3 Rf4 33. Rxf4 gxf4
34. Qf3 Qh6 35. e6 Kc8 36. Re5 Qf6 37. Rf5 Qxe6 38. Rxf4 Qe1+ 39. Kg2 Re8 40.
Rf8 Rxf8 41. Qxf8+ Kd7 42. Qf5+ Kd6 43. g5 Qd2+ 44. Kg3 Qxb2 45. Qf6+ Kd7 46.
g6 Qe2 47. g7 Qe1+ 48. Kg4 Qe4+ 49. Kh5 Qe2+ 50. Kh6 Qd2+ 1-0

[Event "Olexuv memorial 2018"]
[Site "?"]
[Date "2018.12.26"]
[Round "2.6"]
[White "Divis, Jan"]
[Black "Borovicka, Bohumil"]
[Result "0-1"]
[WhiteElo "1538"]
[BlackElo "1909"]
[PlyCount "28"]
[EventDate "2018.??.??"]

1. d4 d5 2. Bf4 Nf6 3. e3 e6 4. Nd2 Bd6 5. Bg3 b6 6. Ngf3 Ne4 7. Bxd6 Nxd6 8.
c3 O-O 9. Be2 Bb7 10. O-O c5 11. dxc5 bxc5 12. Re1 Nd7 13. Bf1 f5 14. Bb5 Nxb5
0-1

[Event "Olexuv memorial 2018"]
[Site "?"]
[Date "2018.12.26"]
[Round "2.7"]
[White "Pokora, Lubomir"]
[Black "Skalnik, Josef"]
[Result "1-0"]
[WhiteElo "1895"]
[BlackElo "1597"]
[PlyCount "89"]
[EventDate "2018.??.??"]

1. e4 e5 2. Nf3 Nc6 3. Nc3 d6 4. d4 Bg4 5. Bb5 a6 6. Bxc6+ bxc6 7. dxe5 Bxf3 8.
Qxf3 dxe5 9. O-O Qf6 10. Qe2 Bd6 11. Be3 Ne7 12. Na4 O-O 13. c4 Ng6 14. g3 Qe7
15. c5 Qf6 16. cxd6 cxd6 17. Nb6 Rad8 18. Qc4 Qe6 19. Qxe6 fxe6 20. Bg5 Rde8
21. Rac1 h6 22. Be3 Ne7 23. Nc4 Nc8 24. Rfd1 Rd8 25. a4 Kf7 26. Kg2 Ke7 27. Rc3
Kf6 28. f4 exf4 29. gxf4 Ke7 30. Na5 Rd7 31. Nxc6+ Kf7 32. Ne5+ dxe5 33. Rxd7+
Kf6 34. fxe5+ Kxe5 35. Rxg7 Nd6 36. Bc5 Rf4 37. Bxd6+ Kxd6 38. Ra7 Rxe4 39.
Rxa6+ Ke5 40. b3 Kf5 41. Rac6 h5 42. Rf3+ Kg5 43. a5 h4 44. h3 Re5 45. b4 1-0

[Event "Olexuv memorial 2018"]
[Site "?"]
[Date "2018.12.26"]
[Round "2.8"]
[White "Netopil, Martin"]
[Black "Spodny, Josef"]
[Result "1/2-1/2"]
[WhiteElo "1634"]
[BlackElo "1863"]
[PlyCount "28"]
[EventDate "2018.??.??"]

1. c4 e6 2. Nc3 Nf6 3. g3 d5 4. cxd5 exd5 5. d4 c6 6. Bg2 Be7 7. Nf3 O-O 8. O-O
Nbd7 9. Re1 Re8 10. Bf4 Nf8 11. Ne5 Ng6 12. Nxg6 hxg6 13. e4 dxe4 14. Nxe4 Nxe4
1/2-1/2

[Event "Olexuv memorial 2018"]
[Site "?"]
[Date "2018.12.26"]
[Round "2.9"]
[White "Kolek, Josef"]
[Black "Strublik, Martin"]
[Result "1-0"]
[WhiteElo "1778"]
[BlackElo "1468"]
[PlyCount "101"]
[EventDate "2018.??.??"]

1. e4 c5 2. Nf3 e6 3. d3 d5 4. Nc3 Nc6 5. g3 Nf6 6. exd5 exd5 7. Bg2 Be7 8. O-O
O-O 9. Re1 a6 10. a4 Re8 11. Bf4 Bg4 12. h3 Bh5 13. g4 Bg6 14. Nh4 d4 15. Nxg6
hxg6 16. Ne4 Nxe4 17. Bxe4 Qd7 18. Bd2 Bh4 19. Qf3 Ne5 20. Qg2 f5 21. Bxb7 Rab8
22. Qd5+ Qxd5 23. Bxd5+ Kf8 24. Bf4 Rbd8 25. Bg2 Nf7 26. Bb7 a5 27. Bg2 Rxe1+
28. Rxe1 Re8 29. Rxe8+ Kxe8 30. Bd5 Bd8 31. Bxf7+ Kxf7 32. Bd6 Bb6 33. f4 Ke6
34. Be5 c4 35. Kg2 cxd3 36. cxd3 Bc5 37. Kf3 Kf7 38. Bc7 Bb4 39. Bb6 Bd2 40.
Bxd4 Be1 41. Bc3 Bxc3 42. bxc3 Ke6 43. g5 Kd5 44. Ke3 Kc5 45. Kd2 Kd5 46. Kc2
Kc5 47. Kb3 Kd5 48. c4+ Kd4 49. h4 Kc5 50. Kc3 Kd6 51. d4 1-0

[Event "Olexuv memorial 2018"]
[Site "?"]
[Date "2018.12.26"]
[Round "2.10"]
[White "Hladky, Milan"]
[Black "Marsa, Alexandr"]
[Result "0-1"]
[WhiteElo "1692"]
[BlackElo "1879"]
[PlyCount "69"]
[EventDate "2018.??.??"]

1. e4 e6 2. d4 d5 3. Nc3 Bb4 4. e5 c5 5. a3 Bxc3+ 6. bxc3 Qc7 7. Nf3 Bd7 8. Bd3
Ba4 9. O-O Nd7 10. Re1 Ne7 11. Ng5 c4 12. Bf1 h6 13. Qh5 g6 14. Qh3 Bxc2 15.
Nf3 O-O-O 16. a4 Qa5 17. Bd2 Nb6 18. Rec1 Be4 19. Ne1 g5 20. Be2 Rdg8 21. f3
Bg6 22. Nc2 Nc6 23. Ne3 Nxd4 24. Bd1 Nb3 25. Be1 Nxa1 26. Rxa1 d4 27. Ng4 Bf5
28. Qg3 d3 29. Bd2 Bxg4 30. Qxg4 Qxe5 31. a5 f5 32. Qh5 Nd5 33. a6 Rg7 34. Rb1
Nf4 35. Bxf4 0-1

[Event "Olexuv memorial 2018"]
[Site "?"]
[Date "2018.12.26"]
[Round "2.11"]
[White "Vavrousek, Petr"]
[Black "Neduchal, Jiri"]
[Result "1-0"]
[WhiteElo "1676"]
[BlackElo "1802"]
[PlyCount "103"]
[EventDate "2018.??.??"]

1. e4 b6 2. d4 Bb7 3. d5 e6 4. dxe6 dxe6 5. Qxd8+ Kxd8 6. f3 Nf6 7. Bf4 Nbd7 8.
Nc3 e5 9. Bg5 Bb4 10. Nge2 h6 11. Bh4 g5 12. Bf2 Ke7 13. O-O-O Rhd8 14. a3 Bc5
15. Bxc5+ Nxc5 16. Ng3 Rxd1+ 17. Nxd1 Bc8 18. Ne3 h5 19. Ngf5+ Bxf5 20. Nxf5+
Kf8 21. Bc4 Ne8 22. Rd1 a5 23. Kb1 Nb7 24. Rd7 Nbd6 25. Nxd6 Nxd6 26. Rxc7 Rc8
27. Rxc8+ Nxc8 28. Kc1 Ke7 29. Kd2 f6 30. Kc3 Kd6 31. b4 Ne7 32. bxa5 bxa5 33.
Bf7 h4 34. Kc4 Kc6 35. a4 Nc8 36. Be8+ Kc7 37. Kc5 Nd6 38. Bc6 f5 39. exf5 Nxf5
40. Be4 Ne3 41. g3 h3 42. Bd3 g4 43. fxg4 Nxg4 44. Bf5 Nxh2 45. Bxh3 Nf3 46.
Kd5 e4 47. Bg2 Kb6 48. Kxe4 Ne1 49. Bf1 Nxc2 50. g4 Nb4 51. g5 Na2 52. Kd3 1-0

[Event "Olexuv memorial 2018"]
[Site "?"]
[Date "2018.12.26"]
[Round "2.12"]
[White "Zikan, Karel"]
[Black "Hala, Pavel"]
[Result "1-0"]
[WhiteElo "1749"]
[BlackElo "1573"]
[PlyCount "83"]
[EventDate "2018.??.??"]

1. d4 d6 2. c4 c6 3. Nc3 a6 4. e4 g6 5. Nf3 Bg7 6. Be3 h6 7. Qd2 e6 8. Be2 Ne7
9. O-O d5 10. cxd5 exd5 11. exd5 Nxd5 12. Rfe1 Be6 13. Bc4 Kf8 14. Nxd5 cxd5
15. Qb4+ Qe7 16. Qxe7+ Kxe7 17. Bb3 Rd8 18. Rac1 Kf8 19. Rc7 Nd7 20. Rxb7 Rdb8
21. Rc7 Nf6 22. Rec1 g5 23. h3 Rc8 24. Ne5 Rxc7 25. Rxc7 Rc8 26. Ra7 g4 27.
hxg4 Nxg4 28. Nxg4 Bxg4 29. Bxd5 Be6 30. Bxe6 fxe6 31. Rxa6 Kf7 32. g3 Rc2 33.
Rb6 Rc7 34. a4 Rd7 35. b4 Bxd4 36. Bxd4 Rxd4 37. a5 Rd1+ 38. Kg2 Ra1 39. a6 Kf6
40. b5 Ke5 41. Rb7 Ra5 42. a7 1-0

[Event "Olexuv memorial 2018"]
[Site "?"]
[Date "2018.12.27"]
[Round "3.1"]
[White "Kacalek, Tomas"]
[Black "Pribyl, Rene"]
[Result "0-1"]
[WhiteElo "1555"]
[BlackElo "1986"]
[PlyCount "48"]
[EventDate "2018.??.??"]

1. e4 e5 2. f4 exf4 3. Nf3 Nf6 4. e5 Nh5 5. Qe2 g6 6. Nc3 Bg7 7. d4 O-O 8. Nd5
d6 9. Nxf4 Nxf4 10. Bxf4 dxe5 11. dxe5 Re8 12. Rd1 Qe7 13. Bg5 Qc5 14. Rd8 Rxd8
15. Bxd8 Bg4 16. Qc4 Qxc4 17. Bxc4 Bxf3 18. O-O Nc6 19. Bxc7 Bxe5 20. Rxf3 Bxc7
21. Rxf7 Bb6+ 22. Kf1 Ne5 23. Rf4+ Nxc4 24. Rxc4 Rf8+ 0-1

[Event "Olexuv memorial 2018"]
[Site "?"]
[Date "2018.12.27"]
[Round "3.2"]
[White "Gajdos, Daniel"]
[Black "Pokora, Lubomir"]
[Result "1-0"]
[WhiteElo "1984"]
[BlackElo "1895"]
[PlyCount "75"]
[EventDate "2018.??.??"]

1. d4 d6 2. Nf3 Bg4 3. c4 Nd7 4. Nc3 e6 5. e4 c6 6. Be2 Be7 7. O-O h6 8. Be3
Bxf3 9. Bxf3 Bg5 10. Re1 Ngf6 11. Bxg5 hxg5 12. e5 dxe5 13. dxe5 Nh7 14. Qd6
Qe7 15. Ne4 Nb6 16. Qd3 O-O 17. Rad1 Rfd8 18. Nd6 Rd7 19. c5 Nd5 20. Bxd5 cxd5
21. b4 Nf8 22. Qd4 f5 23. g4 g6 24. Re3 a6 25. Rdd3 Rc7 26. Rc3 Qh7 27. Ra3 Qg7
28. Rec3 f4 29. Rc1 Nd7 30. Rac3 Kf8 31. a4 Ke7 32. b5 axb5 33. axb5 Qh8 34. c6
bxc6 35. bxc6 Nb8 36. Qb6 Qd8 37. Nb7 Qc8 38. Qc5+ 1-0

[Event "Olexuv memorial 2018"]
[Site "?"]
[Date "2018.12.27"]
[Round "3.3"]
[White "Nisztuk, Michal"]
[Black "Krejci, Petr"]
[Result "0-1"]
[WhiteElo "1600"]
[BlackElo "1983"]
[PlyCount "47"]
[EventDate "2018.??.??"]

1. e4 d5 2. exd5 Qxd5 3. Nc3 Qa5 4. Nf3 Nf6 5. d4 Bg4 6. Be2 Nc6 7. Bd2 e6 8.
Nb5 Qb6 9. c4 Bxf3 10. gxf3 Nxd4 11. Be3 Qa5+ 12. Bd2 Qb6 13. Be3 O-O-O 14. Qa4
Bc5 15. b4 Bxb4+ 16. Qxb4 Nc2+ 17. Kf1 Nxb4 18. Nxa7+ Qxa7 19. Bxa7 b6 20. c5
Kb7 21. cxb6 cxb6 22. Rb1 Nbd5 23. Bxb6 Nxb6 24. Kg2 0-1

[Event "Olexuv memorial 2018"]
[Site "?"]
[Date "2018.12.27"]
[Round "3.4"]
[White "Veznik, Michael"]
[Black "Snorek, Milan"]
[Result "1/2-1/2"]
[WhiteElo "1801"]
[BlackElo "1980"]
[PlyCount "140"]
[EventDate "2018.??.??"]

1. e4 c5 2. f4 e6 3. Nf3 a6 4. a4 Qc7 5. d3 Nc6 6. g3 g6 7. c3 Bg7 8. Bg2 h5 9.
Qe2 b6 10. O-O Bb7 11. Be3 Nh6 12. h3 O-O 13. Nbd2 d5 14. e5 Rfd8 15. Rac1 Qd7
16. Bf2 Rac8 17. b3 Bf8 18. Nh2 Be7 19. g4 hxg4 20. hxg4 Kg7 21. Qf3 Rh8 22.
Qg3 Rcg8 23. Nhf3 Kf8 24. d4 Qd8 25. Be3 Rg7 26. Ng5 Kg8 27. Ndf3 Bc8 28. Nh4
f6 29. exf6 Bxf6 30. Nhf3 Nf7 31. Nxf7 Rxf7 32. Ng5 Bxg5 33. fxg5 Rxf1+ 34.
Rxf1 cxd4 35. cxd4 Rh7 36. Qf4 Qe7 37. Qf6 Rg7 38. Bf4 Bd7 39. Be5 Nxe5 40.
Qxe5 Qb4 41. Rf3 Rh7 42. Qf6 Qe7 43. Bf1 Rf7 44. Qxe7 Rxe7 45. Bxa6 e5 46. Bb7
Be6 47. Rf6 Bf7 48. Rxb6 exd4 49. Ba6 Re4 50. Rb4 Rxg4+ 51. Kf2 Be6 52. Be2
Rf4+ 53. Ke1 Re4 54. Kd2 d3 55. Rb8+ Kf7 56. Bxd3 Rg4 57. Rb7+ Kf8 58. Bxg6
Rxg5 59. Bd3 d4 60. Bc4 Bxc4 61. bxc4 Rg3 62. Rd7 Ra3 63. Rxd4 Rxa4 64. Kc3 Ke7
65. Kb3 Ra8 66. c5 Rd8 67. Rh4 Kd7 68. Kc4 Kc7 69. Rh6 Rd1 70. Rg6 Rc1+ 1/2-1/2